Sports Quiz

Random Sports or NFL Quiz

1st Round Hall of Fame RBs Quiz Stats

Quiz Updated Aug 17, 2016

Challenge
Share
Tweet
Embed
Score 0/15 Timer 05:00
8 Plays Today
Year Running Back % Correct
1990Emmitt Smith
90.4%
1975Walter Payton
84.5%
1989Barry Sanders
81.9%
2001LaDainian Tomlinson
76.3%
1969O.J. Simpson
69.5%
1983Eric Dickerson
68.3%
1993Jerome Bettis
63.6%
1994Marshall Faulk
63.2%
Year Running Back % Correct
1982Marcus Allen
61.4%
1972Franco Harris
57.3%
1978Earl Campbell
56.1%
1977Tony Dorsett
55.4%
1971John Riggins
51.4%
1968Larry Csonka
46.4%
1967Floyd Little
13%

You're not logged in!

Compare scores with friends on all Sporcle quizzes.
Sign Up with Email
OR
Log In

You Might Also Like...

Show Comments

Extras

Top Quizzes Today


Score Distribution

Your Account Isn't Verified!

In order to create a playlist on Sporcle, you need to verify the email address you used during registration. Go to your Sporcle Settings to finish the process.